00427nam a22001337a 4500003000500000005001700005008004100022020001800063050002400081100001900105245009900124260004000223300003000263SISC20160819101304.0160309b xxu||||| |||| 00| 0 eng d a9780615831046 aG 155.5 .W746 2013  aWilson, Joemy. aComing up on your left : ba tour guide's guidebook /cJoemy Wilson a foreword by Ted Bravos . aUSA : bJourney Woman Press,c2013. axvii, 124 pages :c21 cm.